Từ điển danh từ giải phẫu quốc tế Việt hóa (Có giải thích và bàn luận)
Gorde:
| Egile nagusia: | |
|---|---|
| Formatua: | Liburua |
| Hizkuntza: | Undetermined |
| Argitaratua: |
Hà Nội
Y Học
1999
|
| Gaiak: | |
| Etiketak: |
Etiketa erantsi
Etiketarik gabe, Izan zaitez lehena erregistro honi etiketa jartzen!
|
| Thư viện lưu trữ: | Trung tâm Học liệu Trường Đại học Cần Thơ |
|---|
| LEADER | 00641nam a2200193Ia 4500 | ||
|---|---|---|---|
| 001 | CTU_35214 | ||
| 008 | 210402s9999 xx 000 0 und d | ||
| 020 | |b 135.000đ | ||
| 082 | |a 611.03 | ||
| 082 | |b M312 | ||
| 100 | |a Trịnh Văn Minh | ||
| 245 | 0 | |a Từ điển danh từ giải phẫu quốc tế Việt hóa (Có giải thích và bàn luận) | |
| 245 | 0 | |c Trịnh Văn Minh | |
| 260 | |a Hà Nội | ||
| 260 | |b Y Học | ||
| 260 | |c 1999 | ||
| 650 | |a anatomy, human - terminology,vietnameses language - terminology | ||
| 904 | |i Minh, 000222 | ||
| 980 | |a Trung tâm Học liệu Trường Đại học Cần Thơ | ||